000 00501nam a2200181Ia 4500
008 151202s9999||||xx |||||||||||||| ||und||
082 _bPNVM-64228
100 _aशेख मुबारक.
245 _aआगाज.
260 _bपायल पब्लिकेशन पुणे.
260 _c64228
300 _a136
600 _aशेख मुबारक.
630 _aआगाज.
700 _aशेख मुबारक.
730 _aआगाज.
942 _cBOOK
999 _c1330761
_d1330758